01137nam a2200241 a 450000100100000000500170001000800410002702000150006804000250008308200260010811000590013424501910019325000370038426000510042130000210047259000280049365000540052170000520057570000550062774000720068295201240075499900170087800004848720250220104609.0190325s2014 dr r 000 spa d a9993490962 aDO-SdBNPbspacBNPHU aR -348.7293028bR426i1 aRepública Dominicana.bMinisterio de Defensa.975436 0aÍndice de la legislación militar dominicana, 1844-2013. /cCompilado y actualizado por Ana Marina Méndez Gómez, Miledys Marmolejos de Carvajal y Ana Nilda Pichardo de los Santos. a2 da. ed., corregida y aumentada aSanto Domingo :bMinisterio de Defensa,c2014. a434 p. ;c28 cm. aInventariado, 2019 / DG 4aDerechozRepública DominicanavÍNDICES953754 aMéndez Gómez, Ana Marinaecompilador975912 aMarmolejos de Carvajal, Miledysecompilador9759130 aLey orgánica de las Fuerzas Armadas de la República Dominicana. 0010718PDaPDbPDcHDd2019-03-25iLF1l0oR -348.7293028 R426ip48487-10r2020-06-25w2020-06-25yLFPDZNo se presta c47975d47975